| 000 -LEADER |
| fixed length control field |
00484nam a22001697a 4500 |
| 008 - FIXED-LENGTH DATA ELEMENTS--GENERAL INFORMATION |
| fixed length control field |
150930b xxu||||| |||| 00| 0 eng d |
| 020 ## - INTERNATIONAL STANDARD BOOK NUMBER |
| International Standard Book Number |
0619034173 |
| 041 0# - LANGUAGE CODE |
| Language code of text/sound track or separate title |
eng |
| 080 ## - UNIVERSAL DECIMAL CLASSIFICATION NUMBER |
| Universal Decimal Classification number |
658:004 |
| 100 1# - Rafti |
| Rafti |
Frenzel, Carroll W. |
| 245 10 - TITLE STATEMENT |
| Title |
Management of information technology / |
| Statement of responsibility, etc |
Carroll W. Frenzel. |
| 260 ## - |
| -- |
Boston: |
| -- |
Thomson learning, Inc |
| -- |
2004. |
| 300 ## - |
| -- |
xxiv, 614 f. : |
| -- |
me il.; |
| -- |
24 cm. |
| 650 #0 - |
| -- |
Menaxhim |
| 650 #0 - |
| -- |
Teknologjia e informacionit |
| 942 ## - ADDED ENTRY ELEMENTS (KOHA) |
| Source of classification or shelving scheme |
|
| Item type |
Books |